000 00339nam a2200133Ia 4500
008 200103s9999||||xx |||||||||||||| ||und||
040 _aIMU-MPC
082 _aColumn-33
100 _aSrivastava, S. B.
245 2 _aA textbook of Mechanical Engineering
260 _bAsia Publishing House, Bombay
_c1968
300 _axv, 422
942 _cBK
999 _c7739
_d7739